Blood and gold, or, The story of Marius #8/ Anne ... Read More
Available copies
- 2 of 2 copies available at LARL/NWRL Consortium.
- 1 of 1 copy available at Lake Agassiz Regional Library. (Show preferred library)
Current holds
0 current holds with 2 total copies.
Show Only Available Copies
| Location | Call Number / Copy Notes | Barcode | Shelving Location | Status | Due Date |
|---|---|---|---|---|---|
| Moorhead Public Library | Ric (Text) | 33500006431373 | Main | Available | - |
| Thief River Falls Public Library | RIC (Text) | 35500004943856 | Main | Available | - |
Record details
- ISBN: 0679454497
- ISBN: 0965271412 (Knopf paper ed.)
- Physical Description: 471 p. ; 24 cm.
- Publisher: New York : Alfred A. Knopf, 2001.
Search for related items by subject
| Subject: | Vampires > Fiction. |
| Genre: | Horror fiction. |
Search for related items by series
| LDR | 01115cam a2200301Ia 4500 | ||
|---|---|---|---|
| 001 | 35448 | ||
| 003 | LARL_NWRL_CONSORTIUM | ||
| 005 | 20010702164901.0 | ||
| 008 | 010501s2001 nyu 000 1 eng | ||
| 020 | . | ‡a0679454497 | |
| 020 | . | ‡a0965271412 (Knopf paper ed.) | |
| 035 | . | ‡a(OCoLC)46935938 | |
| 035 | 0 | 0. | ‡ilcmarc/AZS-1835/KRLTECH |
| 082 | 0 | 0. | ‡a813/.54 ‡221 |
| 099 | . | ‡aRic | |
| 100 | 1 | . | ‡aRice, Anne, ‡d1941- ‡0(LARL_NWRL_CONSORTIUM)58175 |
| 245 | 1 | 0. | ‡aBlood and gold, or, The story of Marius ‡n#8/ ‡cAnne Rice. |
| 246 | 3 | 0. | ‡aStory of Marius |
| 260 | . | ‡aNew York : ‡bAlfred A. Knopf, ‡c2001. | |
| 300 | . | ‡a471 p. ; ‡c24 cm. | |
| 490 | 0 | . | ‡aVampire chronicles ; ‡v8 |
| 650 | 0. | ‡aVampires ‡vFiction. ‡0(LARL_NWRL_CONSORTIUM)167805 | |
| 655 | 7. | ‡aHorror fiction. ‡2gsafd | |
| 901 | . | ‡a35448 ‡bOCLC ‡c35448 ‡tbiblio | |

Add to basket
Permalink
Disable Highlighting